NJANDUKALUDE NATTIL ORIDAVELA (Record no. 24090)

MARC details
000 -LEADER
fixed length control field 00319nam a2200133Ia 4500
005 - DATE AND TIME OF LATEST TRANSACTION
control field 20250409181544.0
008 - FIXED-LENGTH DATA ELEMENTS--GENERAL INFORMATION
fixed length control field 250409s9999||||xx |||||||||||||| ||und||
020 ## - INTERNATIONAL STANDARD BOOK NUMBER
International Standard Book Number 81-264-1363-8
100 ## - MAIN ENTRY--PERSONAL NAME
Personal name CHANDRAMATHI
245 #0 - TITLE STATEMENT
Title NJANDUKALUDE NATTIL ORIDAVELA
260 ## - PUBLICATION, DISTRIBUTION, ETC.
Name of publisher, distributor, etc. D C BOOKS
Place of publication, distribution, etc. KOTTAYAM
300 ## - PHYSICAL DESCRIPTION
Extent 102
942 ## - ADDED ENTRY ELEMENTS (KOHA)
Koha item type BOOK
Holdings
Withdrawn status Lost status Damaged status Not for loan Home library Current library Shelving location Date acquired Total checkouts Total renewals Full call number Barcode Date last seen Date last checked out Price effective from Koha item type
        St.Dominics College Library St.Dominics College Library General Stack 04/09/2025 2 1 928 .M301 CHA 32936 10/10/2025 08/29/2025 04/09/2025 BOOK